El servicio público en encrucijada: el significado y la importancia de la profesionalización en el servicio público /

Shranjeno v:
Bibliografske podrobnosti
Glavni avtor: Argyriades, Demetrios
Format: Texto
Oznake: Označite
Brez oznak, prvi označite!

MARC

LEADER 00000 a a2200000 04500
001 46287
003
040
100 |a Argyriades, Demetrios  
245 |a El servicio público en encrucijada:   |b el significado y la importancia de la profesionalización en el servicio público /  |c Demetrios Argyriades  
773 |g volumen19, número58 ( , 2012)páginas 97-110  
999 |c 36054  |d 36054